Giáo trình vật lí chất rắn

Các loại liên kết, phân loại vật rắn theo liên kết. Tính chất cơ học của vật rắn. Vật lí thống kê và tính chất của vật rắn...

Đã lưu trong:
Chi tiết về thư mục
Tác giả chính: Nguyễn Thị Bảo Ngọc
Tác giả khác: Nguyễn Văn Nhã (Tác giả)
Định dạng: Sách
Ngôn ngữ:Vietnamese
Được phát hành: H. Đại học quốc gia 1998
Phiên bản:In lần thứ 2
Những chủ đề:
Các nhãn: Thêm thẻ
Không có thẻ, Là người đầu tiên thẻ bản ghi này!
Thư viện lưu trữ: Mạng thư viện Đại học Đà Nẵng
LEADER 01338nam a2200361 4500
001 000008415
003 4603
005 20120312100324.0
008 111017s1998 viesd
020 |c 25800đ 
041 0 |a vie 
082 |a 530.41  |b NG-N 
100 0 |a Nguyễn Thị Bảo Ngọc 
245 0 |a Giáo trình vật lí chất rắn  |c Nguyễn Thị Bảo Ngọc, Nguyễn Văn Nhã 
250 |a In lần thứ 2 
260 |a H.  |b Đại học quốc gia  |c 1998 
300 |a 344tr : hình vẽ  |c 21cm 
500 |a Thư mục: tr. 340 
520 |a Các loại liên kết, phân loại vật rắn theo liên kết. Tính chất cơ học của vật rắn. Vật lí thống kê và tính chất của vật rắn... 
653 |a Vật lí chất rắn 
653 |a Giáo trình 
700 |a Nguyễn Văn Nhã  |e Tác giả 
910 |a MPhuong  |d 17/10/11 
OWN |a LSP 
AVA |a UDN50  |b LSP  |d 530.41 NG-N  |e check_holdings  |t Error 5003 Not defined in file expand_doc_bib_avail.  |h N  |k 1 
999 |a From the UDN01 
AVA |a UDN50  |b LSP  |d 530.41 NG-N  |e available  |t Error 5001 Not defined in file expand_doc_bib_avail.  |f 61  |g 1  |h N  |i 80  |k 1 
TYP |a Monograph 
TYP |a Printed language 
980 |a Mạng thư viện Đại học Đà Nẵng